000 00726nam a2200229 u 4500
005 20240228064004.0
008 090608s2002 r 000 0 eng d
020 _a9684941234
020 _a9701882326 Consejo Nacional para la Cultura y las Artes
035 _aUPN01000171065
049 _aI
050 4 _aPQ8097 D4.3
_bT4.4
100 1 _aDélano, Poli,
_d1936-
_932397
245 1 3 _aEl tejón traicionero /
_cPoli Délano ; il. Cecilia Rébora.
260 _aMéxico :
_bCIDCLI,
_c2002.
300 _a22 p. :6
_bprincipalmente il. col.
440 0 _aEnCuento
650 4 _aCUENTOS INFANTILES CHILENOS
_911282
650 4 _aLibros y lectura para niños
_92290
700 1 _aRébora, Cecilia,
_eil.
905 _aInfantil
999 _c143170
_d143170